000 00979nac a22002777a 4500
001 BR8903576
003 BR-BrBNA
005 20240105120958.0
008 230509b bl.|||m| |||| 00| 0 por d
040 _aBR-BrBNA
_bpor
_cBiblioteca Nacional de Agricultura
072 _aH10
090 _a2480 BR8903576
100 1 _aOliveira, M.A.S.
110 1 _aUnidade de Execucao de Pesquisa de Ambito Estadual de Porto Velho, RO (Brasil)
_910373
245 1 _aFlutuacao estacinal de Erinnyis ello em viveiro de seringueira em Porto Velho, Rondonia
260 3 _aPorto Velho, RO (Brasil):
_c1988.
300 _a9 p.
490 _aComunicado Tecnico - Unidade de Execucao de Pesquisa de Ambito Estadual de Porto Velho (Brazil)
_vno. 52
_xISSN 0100-8765
500 _a5 illus.; 8 ref.
650 _aSERINGUEIRA
650 _aMANDAROVA
650 _aFLUTUACAO POPULACIONAL
650 _aPORTO VELHO
909 _a202312
_bLúcia Elande
_c55
_dLúcia Elande
942 _2AGRIS
_n0
_cMS
999 _c282575
_d282575